000 00459nam a2200157Ia 4500
999 _c7357
_d7357
003 OSt
005 20200129115706.0
008 190216s9999||||xx |||||||||||||| ||und||
040 _coclc
082 _a519.5
_bJOS/Q
100 _aJoseph, K X
_9761
245 0 _aQuantitative Methods /
_cK X Joseph
260 _bCalicut University Central Co-Operative,
_aCalicut:
_c2004.
300 _a380p
942 _cBK
_2ddc
_h519.5
_iJOS/Q
_k519.5
_mJOS/Q